The splendid spur : (Record no. 186775)
[ view plain ]
| 000 -LEADER | |
|---|---|
| fixed length control field | 01262 a2200193 4500 |
| 003 - CONTROL NUMBER IDENTIFIER | |
| control field | NUST |
| 005 - DATE AND TIME OF LATEST TRANSACTION | |
| control field | 20230124185713.0 |
| 010 ## - LIBRARY OF CONGRESS CONTROL NUMBER | |
| LC control number | 37030936 |
| 040 ## - CATALOGING SOURCE | |
| Transcribing agency | Nust |
| 082 ## - DEWEY DECIMAL CLASSIFICATION NUMBER | |
| Classification number | 823,QUI |
| 100 ## - MAIN ENTRY--PERSONAL NAME | |
| Personal name | Quiller-Couch, Arthur Thomas, Sir, |
| 9 (RLIN) | 107580 |
| 245 ## - TITLE STATEMENT | |
| Title | The splendid spur : |
| Remainder of title | being memoirs of the adventures of Mr. John Marvel, a servant of His late Majesty King Charles I., in the years 1642-3: / |
| Statement of responsibility, etc. | A. T. Quiller-Couch, |
| 260 ## - PUBLICATION, DISTRIBUTION, ETC. | |
| Place of publication, distribution, etc. | Garden City, N.Y., |
| Name of publisher, distributor, etc. | Garden City publishing co., inc |
| Date of publication, distribution, etc. | 1937 |
| 300 ## - PHYSICAL DESCRIPTION | |
| Extent | viii, 287 p.; |
| 505 ## - FORMATTED CONTENTS NOTE | |
| Formatted contents note | The Bowling Green Of The Crown (Page-3),The Young Man In The Cloak(Page-13),I Find Myself In A Tavern (Page-22), I Take The Road(Page-38),My Adventure At The Three Cups (Page-53),The Flight In The Pine Wood (Page-69), I Find The Comrade(Page-82), I Lose The King Letter(Page-94), I Break Out The Prison (Page-110),I Do No Good In The House Of Gleys (Page-188),I Leave Joan And Ride To The Wars (Page-199), The Battle Of Stamford Heath (Page-209), I Meet With A Happy Adventure(Page-224),Joan Does Me Her Last Services(Page-241), The Adventure Of The Hearse(Page-257),The Adventure Of The Ledge (Page-273). |
| 600 ## - SUBJECT ADDED ENTRY--PERSONAL NAME | |
| Personal name | Quiller-Couch, Arthur Thomas, Sir, |
| 9 (RLIN) | 107580 |
| 650 ## - SUBJECT ADDED ENTRY--TOPICAL TERM | |
| Topical term or geographic name entry element | Novel |
| 9 (RLIN) | 2525 |
| 942 ## - ADDED ENTRY ELEMENTS (KOHA) | |
| Source of classification or shelving scheme | |
| Koha item type | Book |
| Call number prefix | 823,QUI |
| Withdrawn status | Lost status | Source of classification or shelving scheme | Damaged status | Not for loan | Collection code | Permanent Location | Current Location | Date acquired | Total Checkouts | Full call number | Barcode | Date last seen | Price effective from | Koha item type |
|---|---|---|---|---|---|---|---|---|---|---|---|---|---|---|
| Military College of Signals (MCS) | Military College of Signals (MCS) | 12/12/2016 | 823 QUI | MCS30147 | 12/08/2016 | 12/12/2016 | Book |
